000 00466nam a2200145Ia 4500
008 100122s9999 xx 000 0 und d
082 _b9301
_a822
100 _aफाटक गणेश शास्त्री
245 _aस्वर्ग सुंदरी
260 _bप्रकाशक शोधणे
_c1950
300 _a100
630 _aस्वर्ग सुंदरी
730 _aस्वर्ग सुंदरी
942 _cBOOK
999 _c401361
_d401358